[Event "España ch Universitario 2007"]
[Site "Cartagena ESP"]
[Date "2007.05.07"]
[Round "1.53"]
[White "Lara Lopez, Jose"]
[Black "Amigo Villalta, Jordi"]
[Result "1-0"]
[WhiteElo "2173"]
[BlackElo "2192"]
[PlyCount "71"]
[EventDate "2007.05.06"]
[EventType "swiss"]
[EventRounds "9"]
[EventCountry "ESP"]
[Source "lmi"]
[SourceDate "2007.05.06"]

1. e4 c5 2. Nc3 Nc6 3. f4 e6 4. Nf3 Nge7 5. a3 g6 6. Bc4 d5 7. Ba2 Bg7 8. e5 a6
9. O-O O-O 10. Ne2 Nf5 11. Qe1 h5 12. Qf2 d4 13. d3 b5 14. Ng5 Nce7 15. Ne4 Qc7
16. N2g3 Bb7 17. Re1 Rfd8 18. Bd2 a5 19. Nxf5 Nxf5 20. a4 b4 21. Bc4 Rac8 22.
g3 Ba8 23. h3 Qb7 24. g4 hxg4 25. hxg4 Ne7 26. Qg3 Nd5 27. f5 Nb6 28. b3 Nxc4
29. bxc4 exf5 30. gxf5 Qc7 31. Bf4 Bxe4 32. Rxe4 Qc6 33. f6 Bxf6 34. exf6 Qxf6
35. Be5 Qc6 36. Qh4 1-0

[Event "España ch Universitario 2007"]
[Site "Cartagena ESP"]
[Date "2007.05.07"]
[Round "1.54"]
[White "Pazos Porta, Antonio"]
[Black "Alberola Mulet, Jairo"]
[Result "1-0"]
[WhiteElo "2129"]
[BlackElo "2171"]
[PlyCount "119"]
[EventDate "2007.05.06"]
[EventType "swiss"]
[EventRounds "9"]
[EventCountry "ESP"]
[Source "lmi"]
[SourceDate "2007.05.06"]

1. Nc3 e6 2. d4 Nf6 3. e4 d5 4. Bg5 Be7 5. exd5 exd5 6. Bd3 c6 7. Nce2 O-O 8.
Nf3 Re8 9. O-O Bd6 10. Ng3 h6 11. Be3 Bg4 12. Nf5 Bxf5 13. Bxf5 Nbd7 14. Qd3
Qc7 15. Rae1 Nf8 16. Bc1 g6 17. Bh3 Kg7 18. Ne5 Ng8 19. g3 f6 20. Ng4 h5 21.
Ne3 b5 22. Ng2 Qf7 23. Qf3 Ne6 24. Bxe6 Rxe6 25. Rxe6 Qxe6 26. Re1 Qf7 27. Bf4
Bf8 28. Qc3 Qd7 29. Qa5 Ne7 30. c3 Nf5 31. b3 g5 32. Bc1 Nd6 33. f3 Re8 34.
Rxe8 Nxe8 35. Ba3 Nd6 36. Kf2 Kg6 37. Qa6 g4 38. Nf4+ Kf5 39. Bc5 gxf3 40. Kxf3
Qe7 41. Bxd6 Qe4+ 42. Kf2 Qc2+ 43. Kg1 Bxd6 44. Qc8+ Ke4 45. Qe8+ Kf3 46. Qxh5+
Ke3 47. Ng2+ Kd2 48. Qf3 Qc1+ 49. Kf2 Qxc3 50. Qe2+ Kc1 51. Ne3 Kb1 52. Nf5 Bf8
53. h4 a5 54. h5 a4 55. bxa4 bxa4 56. Qd1+ Kb2 57. h6 Bxh6 58. Nxh6 Qc2+ 59.
Qxc2+ Kxc2 60. Ke3 1-0

[Event "España ch Universitario 2007"]
[Site "Cartagena ESP"]
[Date "2007.05.07"]
[Round "1.55"]
[White "Garcia Mendoza, Francisco"]
[Black "Minguito Llorente, Alberto"]
[Result "0-1"]
[WhiteElo "2171"]
[BlackElo "2053"]
[PlyCount "70"]
[EventDate "2007.05.06"]
[EventType "swiss"]
[EventRounds "9"]
[EventCountry "ESP"]
[Source "lmi"]
[SourceDate "2007.05.06"]

1. e4 c6 2. Nc3 d5 3. Qf3 dxe4 4. Nxe4 Nf6 5. Bc4 Nbd7 6. d4 Nb6 7. Bd3 Qxd4 8.
Ne2 Qd7 9. h3 Nxe4 10. Qxe4 Qd5 11. Qh4 Bf5 12. Bxf5 Qxf5 13. c3 e6 14. O-O Be7
15. Qg3 O-O-O 16. Qxg7 Rhg8 17. Qh6 Rg6 18. Ng3 Qc5 19. Qe3 Rdg8 20. Kh1 Nd5
21. Qxc5 Bxc5 22. Ne4 Bb6 23. g3 Bc7 24. c4 Nb4 25. Bd2 Nd3 26. Bc3 f5 27. Nd2
Bb6 28. Kg2 Nxf2 29. g4 fxg4 30. h4 g3 31. Nf3 Rg4 32. b3 Nd3 33. Bd2 Re4 34.
Bg5 h6 35. Be7 Nf4+ 0-1

[Event "España ch Universitario 2007"]
[Site "Cartagena ESP"]
[Date "2007.05.07"]
[Round "1.56"]
[White "Jimenez Salado, Antonio"]
[Black "Alonso Alvarez, Aitor"]
[Result "1/2-1/2"]
[WhiteElo "1989"]
[BlackElo "2165"]
[PlyCount "139"]
[EventDate "2007.05.06"]
[EventType "swiss"]
[EventRounds "9"]
[EventCountry "ESP"]
[Source "lmi"]
[SourceDate "2007.05.06"]

1. e4 c5 2. Nc3 Nc6 3. g3 g6 4. Bg2 Bg7 5. Nge2 e6 6. d3 Nge7 7. O-O O-O 8. f4
d5 9. g4 f5 10. exf5 exf5 11. g5 Rb8 12. Ng3 b5 13. h4 a6 14. h5 Bb7 15. h6
Bd4+ 16. Kh2 Qd6 17. Nce2 Bh8 18. c3 d4 19. cxd4 Nxd4 20. Nxd4 Bxd4 21. Ne2
Bxg2 22. Kxg2 Nc6 23. Nxd4 Nxd4 24. Be3 Rbd8 25. Rc1 Rfe8 26. Bxd4 Qxd4 27. Rf3
Qxb2+ 28. Rc2 Qd4 29. Re2 c4 30. Qe1 Kf7 31. dxc4 Rxe2+ 32. Qxe2 Qd2 33. Kf2
bxc4 34. Re3 Qxe2+ 35. Kxe2 Rb8 36. Ra3 Rb6 37. Kd2 Rc6 38. Kc3 Ke6 39. Ra5 Kd6
40. Re5 Rc5 41. Re8 Rc7 42. Rg8 Ke6 43. Ra8 Kd5 44. Re8 Kd6 45. Rg8 Ke6 46.
Re8+ Kd5 47. Re5+ Kd6 48. Re8 a5 49. Rg8 Kd5 50. Re8 a4 51. Re5+ Kd6 52. Ra5 a3
53. Rxa3 Kd5 54. Ra4 Rc6 55. Ra7 Ke4 56. Rxh7 Kxf4 57. Rg7 Ra6 58. h7 Ra3+ 59.
Kxc4 Rh3 60. Rxg6 Rxh7 61. Rg8 Ra7 62. Kb3 Kg3 63. a4 f4 64. Kb4 f3 65. Rf8
Rb7+ 66. Kc5 Ra7 67. Kb5 Rb7+ 68. Kc5 Rg7 69. a5 Rxg5+ 70. Kb6 1/2-1/2

[Event "España ch Universitario 2007"]
[Site "Cartagena ESP"]
[Date "2007.05.07"]
[Round "1.57"]
[White "Burguete Archel, Eduardo"]
[Black "Catalina Ledesma, Eduardo"]
[Result "1-0"]
[WhiteElo "2161"]
[BlackElo "1973"]
[PlyCount "53"]
[EventDate "2007.05.06"]
[EventType "swiss"]
[EventRounds "9"]
[EventCountry "ESP"]
[Source "lmi"]
[SourceDate "2007.05.06"]

1. e4 c5 2. Nf3 Nc6 3. Nc3 a6 4. d4 cxd4 5. Nxd4 e6 6. g3 Bb4 7. Nxc6 bxc6 8.
Qd4 Bxc3+ 9. bxc3 Qf6 10. Ba3 Qxd4 11. cxd4 d5 12. e5 Rb8 13. Bd3 Ne7 14. Kd2
Nf5 15. Kc3 Kd7 16. Rab1 Rxb1 17. Rxb1 h6 18. Rb8 Kc7 19. Ra8 Kb7 20. Rxa6 f6
21. f4 fxe5 22. fxe5 Ne3 23. Bc5 Nd1+ 24. Kb4 g5 25. Ka5 Nf2 26. Ra7+ Kb8 27.
Kb6 1-0

[Event "España ch Universitario 2007"]
[Site "Cartagena ESP"]
[Date "2007.05.07"]
[Round "1.59"]
[White "Gonzalez Merino, Francisco"]
[Black "Margalef Hernandez, Jesus"]
[Result "0-1"]
[WhiteElo "2159"]
[BlackElo "1931"]
[PlyCount "66"]
[EventDate "2007.05.06"]
[EventType "swiss"]
[EventRounds "9"]
[EventCountry "ESP"]
[Source "lmi"]
[SourceDate "2007.05.06"]

1. Nf3 d5 2. g3 Nf6 3. Bg2 Bf5 4. c4 e6 5. Qb3 Qc8 6. Nc3 dxc4 7. Qxc4 Nbd7 8.
Nd4 Bg6 9. Ncb5 c6 10. Nc3 Bc5 11. Nb3 Bb6 12. O-O h5 13. d4 h4 14. Bg5 hxg3
15. hxg3 Qc7 16. Rac1 Rh5 17. Bf4 e5 18. dxe5 Nxe5 19. Qb4 O-O-O 20. Nb5 Qd7
21. a4 Nd5 22. Qd2 Nxf4 23. Qxf4 Rdh8 24. Rfd1 Qe6 25. N3d4 Bxd4 26. Nxd4 Qe7
27. Nxc6 Nxc6 28. Bxc6 bxc6 29. Rxc6+ Kb7 30. Rc4 Rh1+ 31. Kg2 R8h2+ 32. Kf3
Rxd1 33. g4 Qf6 0-1

[Event "España ch Universitario 2007"]
[Site "Cartagena ESP"]
[Date "2007.05.07"]
[Round "1.60"]
[White "Cruz Marques, Francisco Cesar"]
[Black "Aparicio Garcia, Enrique"]
[Result "0-1"]
[WhiteElo "1906"]
[BlackElo "2158"]
[PlyCount "71"]
[EventDate "2007.05.06"]
[EventType "swiss"]
[EventRounds "9"]
[EventCountry "ESP"]
[Source "lmi"]
[SourceDate "2007.05.06"]

1. e4 d5 2. exd5 Qxd5 3. Nc3 Qa5 4. d4 Nf6 5. Bc4 c6 6. Qe2 Bg4 7. Nf3 Nbd7 8.
Bd2 Qh5 9. O-O-O e6 10. h3 Bxf3 11. gxf3 O-O-O 12. Rdg1 h6 13. Ne4 Nd5 14. Qd3
N7b6 15. Bb3 Qf5 16. Nc5 g5 17. Qxf5 exf5 18. Nd3 f6 19. c4 Nc7 20. Bc3 Bg7 21.
Nf4 Rhe8 22. a4 Bh8 23. Ng6 Bg7 24. a5 Nd7 25. Bc2 f4 26. Nxf4 Nf8 27. h4 Nce6
28. Bf5 Kb8 29. Nh5 Bh8 30. Rd1 Ng7 31. Nxf6 Nxf5 32. Nxe8 Rxe8 33. hxg5 Bg7
34. f4 Nxd4 35. Bxd4 Bxd4 36. Rxd4 0-1

[Event "España ch Universitario 2007"]
[Site "Cartagena ESP"]
[Date "2007.05.07"]
[Round "1.62"]
[White "Sanchez Arevalo, Luis"]
[Black "Garcia Brion, Eduardo"]
[Result "0-1"]
[WhiteElo "1890"]
[BlackElo "2157"]
[PlyCount "78"]
[EventDate "2007.05.06"]
[EventType "swiss"]
[EventRounds "9"]
[EventCountry "ESP"]
[Source "lmi"]
[SourceDate "2007.05.06"]

1. Nf3 Nc6 2. c4 e5 3. Nc3 g6 4. g3 Bg7 5. Bg2 Nge7 6. O-O O-O 7. d3 d6 8. Rb1
a5 9. a3 Rb8 10. b4 axb4 11. axb4 b6 12. b5 Na5 13. Nd2 h6 14. Nb3 Nxb3 15.
Rxb3 f5 16. Nd5 Kh7 17. Ra3 f4 18. Nxe7 Qxe7 19. Bb2 Bb7 20. Bxb7 Rxb7 21. Kg2
h5 22. f3 Rbb8 23. Qc2 Qg5 24. Ra7 fxg3 25. hxg3 h4 26. g4 Qf4 27. Bc1 Qg3+ 28.
Kh1 Rf7 29. Be3 e4 30. dxe4 Be5 31. Rf2 Bf4 32. Qd3 Rbf8 33. Rg2 Qh3+ 34. Kg1
Be5 35. Qd5 Bg3 36. Bxb6 Qxg4 37. Rxc7 Qf4 38. Rxf7+ Rxf7 39. Bf2 Qc1+ 0-1

[Event "España ch Universitario 2007"]
[Site "Cartagena ESP"]
[Date "2007.05.07"]
[Round "1.63"]
[White "Ibarra Jerez, Juan Miguel"]
[Black "Alvarez Lopez, Carlos"]
[Result "1-0"]
[WhiteElo "2152"]
[BlackElo "1879"]
[PlyCount "55"]
[EventDate "2007.05.06"]
[EventType "swiss"]
[EventRounds "9"]
[EventCountry "ESP"]
[Source "lmi"]
[SourceDate "2007.05.06"]

1. e4 e6 2. d4 d5 3. Nd2 Nf6 4. e5 Nfd7 5. f4 c5 6. c3 Nc6 7. Ndf3 Qb6 8. a3
cxd4 9. cxd4 f6 10. Bd3 Be7 11. Ne2 a6 12. h4 h6 13. Bg6+ Kd8 14. Bd3 Rf8 15.
b4 fxe5 16. dxe5 Nxb4 17. axb4 Bxb4+ 18. Bd2 Nc5 19. Bc2 Bxd2+ 20. Qxd2 Bd7 21.
Rb1 Bb5 22. Ned4 Rc8 23. Nxb5 axb5 24. Nd4 b4 25. Rxb4 Qa5 26. Rb5 Qxd2+ 27.
Kxd2 Rxf4 28. Ke3 1-0

[Event "España ch Universitario 2007"]
[Site "Cartagena ESP"]
[Date "2007.05.07"]
[Round "1.64"]
[White "Castro Couceiro, Silvia"]
[Black "Ivanovich Balsinde, Nicholas"]
[Result "0-1"]
[WhiteElo "1873"]
[BlackElo "2151"]
[PlyCount "42"]
[EventDate "2007.05.06"]
[EventType "swiss"]
[EventRounds "9"]
[EventCountry "ESP"]
[Source "lmi"]
[SourceDate "2007.05.06"]

1. Nf3 Nf6 2. b4 d5 3. Bb2 c6 4. e3 Bg4 5. Be2 Nbd7 6. O-O Bxf3 7. Bxf3 e5 8.
a3 Bd6 9. d3 O-O 10. Nd2 Re8 11. c4 a5 12. Qb3 e4 13. dxe4 dxe4 14. Be2 Qc7 15.
c5 Bxh2+ 16. Kh1 Be5 17. Nc4 a4 18. Qc2 Re6 19. Rad1 Nd5 20. Nxe5 Nxe5 21. Qxe4
Rh6+ 0-1

[Event "España ch Universitario 2007"]
[Site "Cartagena ESP"]
[Date "2007.05.07"]
[Round "1.66"]
[White "Martinez-tafalla Lopez, Manuel"]
[Black "Cardona Cervera, Joaquin"]
[Result "0-1"]
[WhiteElo "1848"]
[BlackElo "2148"]
[PlyCount "54"]
[EventDate "2007.05.06"]
[EventType "swiss"]
[EventRounds "9"]
[EventCountry "ESP"]
[Source "lmi"]
[SourceDate "2007.05.06"]

1. d4 e5 2. e4 exd4 3. Nf3 c5 4. Bf4 Nf6 5. Bd3 d5 6. exd5 Nxd5 7. Bg5 Be7 8.
Qe2 Nc6 9. O-O O-O 10. Qe4 g6 11. Bh6 Re8 12. Bc4 Be6 13. Nbd2 Nf6 14. Qf4 Nh5
15. Qe4 Bxc4 16. Nxc4 Bf8 17. Qg4 Bxh6 18. Rfe1 Qf6 19. Qd7 Re7 20. Qd5 Bf8 21.
Nd6 Rd7 22. Ne8 Rxd5 23. Nxf6+ Nxf6 24. Re2 c4 25. Nd2 b5 26. b3 d3 27. cxd3
cxd3 0-1

[Event "España ch Universitario 2007"]
[Site "Cartagena ESP"]
[Date "2007.05.07"]
[Round "1.67"]
[White "Mengual Bolo, Carlos"]
[Black "De Vega Fernandez, Francisco Javier"]
[Result "1-0"]
[WhiteElo "2145"]
[BlackElo "1820"]
[PlyCount "52"]
[EventDate "2007.05.06"]
[EventType "swiss"]
[EventRounds "9"]
[EventCountry "ESP"]
[Source "lmi"]
[SourceDate "2007.05.06"]

1. d4 Nf6 2. Nf3 e6 3. Nbd2 c5 4. c3 d5 5. e3 Be7 6. Bd3 O-O 7. O-O Nbd7 8. Re1
Qc7 9. Qe2 e5 10. e4 cxd4 11. cxd4 exd4 12. e5 Ne4 13. Nxe4 dxe4 14. Qxe4 g6
15. Qxd4 Bc5 16. Qh4 Nxe5 17. Nxe5 Re8 18. Bf4 Bd6 19. Rac1 Qe7 20. Qxe7 Rxe7
21. Bg3 Bb4 22. Re3 Bd2 23. Ree1 Bxc1 24. Rxc1 Be6 25. b3 Rae8 26. Bh4 Bf5 1-0

[Event "España ch Universitario 2007"]
[Site "Cartagena ESP"]
[Date "2007.05.07"]
[Round "1.68"]
[White "Urrutia Gonzalez, Javier"]
[Black "Massanet Massanet, Sebastian"]
[Result "0-1"]
[WhiteElo "1809"]
[BlackElo "2140"]
[PlyCount "88"]
[EventDate "2007.05.06"]
[EventType "swiss"]
[EventRounds "9"]
[EventCountry "ESP"]
[Source "lmi"]
[SourceDate "2007.05.06"]

1. e4 e6 2. d4 d5 3. Nc3 Nf6 4. Bg5 Be7 5. Bxf6 Bxf6 6. e5 Be7 7. f4 c5 8. Nf3
Nc6 9. Qd2 cxd4 10. Nxd4 Qb6 11. Nb3 Bd7 12. Bd3 Rc8 13. Qf2 Qxf2+ 14. Kxf2 f6
15. exf6 Bxf6 16. Nb5 Ke7 17. c3 a6 18. N5d4 Kd6 19. Nf3 b5 20. a3 h6 21. Rhe1
g5 22. fxg5 hxg5 23. h3 e5 24. Bf1 g4 25. hxg4 Bxg4 26. Be2 Bxf3 27. Bxf3 e4
28. Bg4 Rcg8 29. Be2 Bh4+ 30. Kg1 Bxe1 31. Rxe1 Rg3 32. Kf2 Rhg8 33. Bf1 Ne5
34. Nd4 Rxg2+ 35. Bxg2 Nd3+ 36. Kf1 Nxe1 37. Bxe4 dxe4 38. Kxe1 Rg2 39. Ne2 e3
40. Kf1 Rf2+ 41. Ke1 Kd5 42. b3 Ke4 43. c4 bxc4 44. bxc4 Kd3 0-1

[Event "España ch Universitario 2007"]
[Site "Cartagena ESP"]
[Date "2007.05.07"]
[Round "1.73"]
[White "Carreras Solana, Fernando"]
[Black "Mainz Mendivil, Izaskun"]
[Result "1-0"]
[WhiteElo "2132"]
[BlackElo "1756"]
[PlyCount "75"]
[EventDate "2007.05.06"]
[EventType "swiss"]
[EventRounds "9"]
[EventCountry "ESP"]
[Source "lmi"]
[SourceDate "2007.05.06"]

1. d4 d5 2. Nf3 Nf6 3. Bf4 Nc6 4. e3 Bf5 5. Bb5 Bd7 6. c3 a6 7. Bd3 Bg4 8. Nbd2
Nh5 9. h3 Nxf4 10. exf4 Bd7 11. O-O g6 12. Re1 Bh6 13. Qb3 Bxf4 14. Qxd5 O-O
15. Ne4 e6 16. Qxd7 Qxd7 17. Nf6+ Kg7 18. Nxd7 Rfd8 19. Nc5 b6 20. Ne4 e5 21.
g3 Bh6 22. Neg5 Rd6 23. d5 Ne7 24. c4 f6 25. Ne6+ Kf7 26. Nxc7 Ra7 27. Ne6 b5
28. b3 Nf5 29. Bxf5 gxf5 30. Nh4 Bd2 31. Red1 Bc3 32. Rac1 Bb2 33. Rc2 Ba3 34.
Nxf5 Rdd7 35. c5 Rxd5 36. Nd8+ Rxd8 37. Rxd8 Rc7 38. c6 1-0

[Event "España ch Universitario 2007"]
[Site "Cartagena ESP"]
[Date "2007.05.07"]
[Round "1.74"]
[White "Ramos Garcia, Daniel"]
[Black "Jimenez Lopez, Antonio"]
[Result "0-1"]
[WhiteElo "1924"]
[BlackElo "2131"]
[PlyCount "64"]
[EventDate "2007.05.06"]
[EventType "swiss"]
[EventRounds "9"]
[EventCountry "ESP"]
[Source "lmi"]
[SourceDate "2007.05.06"]

1. e4 c5 2. Nf3 e6 3. d3 Nc6 4. g3 d6 5. Bg2 Nge7 6. Be3 g6 7. Nc3 Bg7 8. Qc1
O-O 9. O-O e5 10. Rb1 Nd4 11. Bd2 Nec6 12. Qd1 Bg4 13. h3 Nxf3+ 14. Bxf3 Bxh3
15. Bg2 Bxg2 16. Kxg2 f5 17. Rh1 f4 18. gxf4 exf4 19. Qg4 f3+ 20. Kf1 Nd4 21.
Rc1 Rf7 22. Qh3 Bf6 23. Nd5 Bg5 24. Ne3 Ne2 25. Rd1 h5 26. Qe6 Qf6 27. Qd5 Bf4
28. c3 Re8 29. Re1 Re5 30. Qc4 Qg5 31. Rxe2 Bxe3 32. Rxe3 Qg2+ 0-1

[Event "España ch Universitario 2007"]
[Site "Cartagena ESP"]
[Date "2007.05.07"]
[Round "1.75"]
[White "Vilanova Corbi, Jorge"]
[Black "Naval Martinez, Albert"]
[Result "1-0"]
[WhiteElo "2125"]
[BlackElo "1650"]
[PlyCount "41"]
[EventDate "2007.05.06"]
[EventType "swiss"]
[EventRounds "9"]
[EventCountry "ESP"]
[Source "lmi"]
[SourceDate "2007.05.06"]

1. d4 d5 2. c4 e5 3. dxe5 d4 4. Nf3 Nc6 5. g3 Be6 6. Nbd2 Bb4 7. Qc2 Nge7 8. a3
Bxd2+ 9. Bxd2 Bf5 10. Qb3 O-O 11. Rd1 Be4 12. Bf4 Na5 13. Qb4 c5 14. Qxc5 d3
15. Qe3 Nxc4 16. Qxe4 d2+ 17. Nxd2 Nxb2 18. Rb1 Rc8 19. Bh3 Rc2 20. Qxc2 Qd5
21. O-O 1-0

[Event "España ch Universitario 2007"]
[Site "Cartagena ESP"]
[Date "2007.05.07"]
[Round "1.76"]
[White "Arguelles Casas, Daniel"]
[Black "Pavon Cardenas, Jesus M"]
[Result "0-1"]
[WhiteElo "1942"]
[BlackElo "2122"]
[PlyCount "81"]
[EventDate "2007.05.06"]
[EventType "swiss"]
[EventRounds "9"]
[EventCountry "ESP"]
[Source "lmi"]
[SourceDate "2007.05.06"]

1. e4 e5 2. Nf3 Nc6 3. Bb5 a6 4. Bxc6 dxc6 5. h3 Bc5 6. Nc3 Qd6 7. d3 Ne7 8. a3
O-O 9. O-O f5 10. Be3 Bd4 11. Qd2 Ng6 12. Rfd1 Qf6 13. Bg5 Qf7 14. Nxd4 exd4
15. Na2 Be6 16. Nc1 h6 17. Bf4 fxe4 18. Bg3 e3 19. fxe3 dxe3 20. Qxe3 Rae8 21.
Qf2 Qd7 22. Qd2 Ne7 23. Nb3 Bxb3 24. cxb3 Qd4+ 25. Bf2 Qd5 26. Qc2 Kh8 27. Qc4
Qg5 28. Qh4 Qf5 29. Bd4 Qg6 30. Bc5 Nf5 31. Qc4 Rf7 32. g4 Nd6 33. Qd4 Rf3 34.
Rf1 Rg3+ 35. Kh1 Rxh3+ 36. Kg1 Rg3+ 37. Kh1 Rxg4 38. Qxg4 Qxg4 39. Rf2 Qh3+ 40.
Kg1 Qg3+ 41. Kh1 0-1

[Event "España ch Universitario 2007"]
[Site "Cartagena ESP"]
[Date "2007.05.07"]
[Round "1.78"]
[White "Espino Urbano, Carlos"]
[Black "Gonzalez Diez, Ruben"]
[Result "0-1"]
[WhiteElo "2232"]
[BlackElo "2115"]
[PlyCount "78"]
[EventDate "2007.05.06"]
[EventType "swiss"]
[EventRounds "9"]
[EventCountry "ESP"]
[Source "lmi"]
[SourceDate "2007.05.06"]

1. d4 e6 2. c4 f5 3. Nc3 Nf6 4. Nf3 Bb4 5. Bd2 O-O 6. e3 d6 7. Qb3 Nc6 8. Be2
e5 9. a3 Bxc3 10. Bxc3 Qe8 11. dxe5 dxe5 12. O-O-O Ne4 13. Rhf1 Nc5 14. Qc2 e4
15. Nd4 Ne5 16. Nb5 Ned3+ 17. Kb1 Qe7 18. b4 Na6 19. Bxd3 exd3 20. Qxd3 c5 21.
bxc5 Nxc5 22. Qd6 Qe4+ 23. Kb2 Qxc4 24. Qd5+ Be6 25. Qxc4 Bxc4 26. Nc7 Rac8 27.
Nd5 Bxd5 28. Bxg7 Na4+ 29. Ka1 Kxg7 30. Rxd5 Rc2 31. Kb1 Nc3+ 32. Kxc2 Nxd5 33.
Rd1 Rc8+ 34. Kb2 Nf6 35. f3 Rc7 36. Rd2 Kf7 37. Kb3 Ke6 38. Rd8 Rg7 39. g3 Rd7
0-1

[Event "España ch Universitario 2007"]
[Site "Cartagena ESP"]
[Date "2007.05.07"]
[Round "1.84"]
[White "Muñoz Paredes, Ernesto"]
[Black "Cabrero De Cabo, Miguel Angel"]
[Result "0-1"]
[WhiteElo "2102"]
[BlackElo "2102"]
[PlyCount "54"]
[EventDate "2007.05.06"]
[EventType "swiss"]
[EventRounds "9"]
[EventCountry "ESP"]
[Source "lmi"]
[SourceDate "2007.05.06"]

1. d4 f5 2. c4 Nf6 3. Nc3 g6 4. Nf3 Bg7 5. e3 d6 6. b3 O-O 7. Bb2 c6 8. d5 Na6
9. a3 Nc7 10. dxc6 bxc6 11. Qc2 Re8 12. O-O-O Rb8 13. Be2 Bd7 14. h3 Qc8 15. b4
a5 16. bxa5 Na6 17. Kd2 Rxb2 18. Qxb2 Ne4+ 19. Kc1 Nxc3 20. Qd2 Nc5 21. Kc2
N5e4 22. Qe1 c5 23. Nd2 Ba4+ 24. Nb3 Bxb3+ 25. Kxb3 Qb7+ 26. Kc2 Nxd1 27. Bxd1
Qb2+ 0-1

[Event "España ch Universitario 2007"]
[Site "Cartagena ESP"]
[Date "2007.05.07"]
[Round "2.1"]
[White "Villar Nieves, Antonio"]
[Black "Perez Candelario, Manuel"]
[Result "0-1"]
[WhiteElo "2183"]
[BlackElo "2511"]
[PlyCount "84"]
[EventDate "2007.05.06"]
[EventType "swiss"]
[EventRounds "9"]
[EventCountry "ESP"]
[Source "lmi"]
[SourceDate "2007.05.06"]

1. d4 d5 2. Nf3 Nf6 3. Bf4 c6 4. c3 Bf5 5. Nbd2 Nbd7 6. e3 h6 7. Be2 g5 8. Bg3
Bg7 9. Ne5 Qb6 10. Qb3 O-O 11. c4 dxc4 12. Bxc4 Qxb3 13. Bxb3 c5 14. Ndf3 Be4
15. Rd1 cxd4 16. Rxd4 Nc5 17. Rd2 Nh5 18. Bc4 Rac8 19. O-O Bxf3 20. Nxf3 Ne4
21. Rc2 Nhxg3 22. hxg3 Nd6 23. Rfc1 e6 24. Bd3 Bxb2 25. Rxc8 Rxc8 26. Rxc8+
Nxc8 27. Kf1 Kf8 28. Ke2 Ke7 29. Nd2 Bg7 30. Nc4 Kd7 31. g4 b5 32. Na5 Nd6 33.
f4 Bc3 34. Nb3 Kc6 35. Kd1 Kd5 36. Ke2 a5 37. Kd1 a4 38. Nc1 Nc4 39. Kc2 Bg7
40. e4+ Kc5 41. Bxc4 Kxc4 42. Ne2 b4 0-1

[Event "España ch Universitario 2007"]
[Site "Cartagena ESP"]
[Date "2007.05.07"]
[Round "2.2"]
[White "Llaneza Vega, Marcos"]
[Black "Perez Felipe, Marcos Adrian"]
[Result "1-0"]
[WhiteElo "2455"]
[BlackElo "2177"]
[PlyCount "47"]
[EventDate "2007.05.06"]
[EventType "swiss"]
[EventRounds "9"]
[EventCountry "ESP"]
[Source "lmi"]
[SourceDate "2007.05.06"]

1. e4 c5 2. Nc3 d6 3. f4 a6 4. a4 e6 5. Nf3 Ne7 6. d4 cxd4 7. Nxd4 Nbc6 8. Be2
Nxd4 9. Qxd4 Nc6 10. Qf2 Be7 11. Be3 Bh4 12. g3 Bf6 13. Bb6 Bxc3+ 14. bxc3 Qf6
15. Qe3 e5 16. O-O O-O 17. f5 d5 18. exd5 Ne7 19. Rad1 Nxf5 20. Qf2 Qh6 21. c4
Bd7 22. Bd3 Rac8 23. Bxf5 Bxf5 24. Be3 1-0

[Event "España ch Universitario 2007"]
[Site "Cartagena ESP"]
[Date "2007.05.07"]
[Round "2.3"]
[White "Eyo Castro-Rial, Alberto"]
[Black "Trent, Lawrence"]
[Result "0-1"]
[WhiteElo "2176"]
[BlackElo "2453"]
[PlyCount "38"]
[EventDate "2007.05.06"]
[EventType "swiss"]
[EventRounds "9"]
[EventCountry "ESP"]
[Source "lmi"]
[SourceDate "2007.05.06"]

1. e4 e5 2. Nf3 Nc6 3. d4 exd4 4. Bc4 Nf6 5. e5 d5 6. Bb5 Ne4 7. Nxd4 Bd7 8.
Bxc6 bxc6 9. O-O Bc5 10. Be3 Bb6 11. f3 Ng5 12. Qd2 h6 13. Re1 c5 14. Nb3 d4
15. Bf2 Bc6 16. a4 Qd5 17. a5 Nxf3+ 18. gxf3 Qxf3 19. Kf1 Qg2+ 0-1

[Event "España ch Universitario 2007"]
[Site "Cartagena ESP"]
[Date "2007.05.07"]
[Round "2.4"]
[White "Aparicio Garcia, Enrique"]
[Black "Alsina Leal, Daniel"]
[Result "0-1"]
[WhiteElo "2158"]
[BlackElo "2428"]
[PlyCount "96"]
[EventDate "2007.05.06"]
[EventType "swiss"]
[EventRounds "9"]
[EventCountry "ESP"]
[Source "lmi"]
[SourceDate "2007.05.06"]

1. e4 c5 2. d4 cxd4 3. c3 Nf6 4. e5 Nd5 5. Nf3 e6 6. cxd4 d6 7. Nc3 Nc6 8. exd6
Bxd6 9. Nxd5 exd5 10. Be2 O-O 11. O-O Bg4 12. Qd3 Qd7 13. Bd2 Rfe8 14. Rfe1
Rxe2 15. Rxe2 Bxf3 16. Qxf3 Nxd4 17. Qd3 Nxe2+ 18. Qxe2 Re8 19. Qd3 Bc5 20. Rd1
h6 21. Kf1 Qd6 22. Qb5 Re7 23. Re1 a6 24. Qa5 Bb6 25. Qc3 Qc5 26. Be3 Qxc3 27.
bxc3 Bxe3 28. fxe3 Rc7 29. Rc1 Kf8 30. Ke2 Ke7 31. Kd3 Rc4 32. Rc2 b5 33. Rb2
Ke6 34. Rf2 f5 35. Rf1 Ke5 36. Rf2 g6 37. g3 Kd6 38. Rf1 Kc5 39. Rf2 Ra4 40.
Rb2 a5 41. Rc2 Ra3 42. Ke2 Kc4 43. Kd2 g5 44. Rb2 Rxc3 45. Rxb5 Kxb5 46. Kxc3
Kc5 47. a4 h5 48. h4 g4 0-1

[Event "España ch Universitario 2007"]
[Site "Cartagena ESP"]
[Date "2007.05.07"]
[Round "2.5"]
[White "Alcazar Jimenez, Victor"]
[Black "Lara Lopez, Jose"]
[Result "1/2-1/2"]
[WhiteElo "2423"]
[BlackElo "2173"]
[PlyCount "77"]
[EventDate "2007.05.06"]
[EventType "swiss"]
[EventRounds "9"]
[EventCountry "ESP"]
[Source "lmi"]
[SourceDate "2007.05.06"]

1. e4 e6 2. Nf3 d5 3. Nc3 Nf6 4. e5 Nfd7 5. d4 c5 6. dxc5 Nc6 7. Bf4 Bxc5 8.
Bd3 h6 9. h4 Qc7 10. Qe2 a6 11. Bg3 Bb4 12. O-O Bxc3 13. bxc3 Nc5 14. c4 dxc4
15. Bxc4 b5 16. Qe3 Ne7 17. Be2 Nf5 18. Qf4 Bb7 19. Nd4 g5 20. hxg5 hxg5 21.
Qg4 Nxg3 22. Qxg3 Ne4 23. Qe3 Qxe5 24. f4 gxf4 25. Rxf4 O-O-O 26. c3 f5 27. a4
b4 28. Rc1 bxc3 29. Rxc3+ Kb8 30. Nc6+ Bxc6 31. Rxc6 Qd4 32. Qxd4 Rxd4 33. Rxe6
Rxa4 34. Rxa6 Rxa6 35. Bxa6 Rh5 36. Bd3 Nd6 37. Kf2 Kc7 38. Ra4 Kd7 39. Ra5
1/2-1/2

[Event "España ch Universitario 2007"]
[Site "Cartagena ESP"]
[Date "2007.05.07"]
[Round "2.6"]
[White "Garcia Brion, Eduardo"]
[Black "Martinez Martin, David"]
[Result "1/2-1/2"]
[WhiteElo "2157"]
[BlackElo "2403"]
[PlyCount "44"]
[EventDate "2007.05.06"]
[EventType "swiss"]
[EventRounds "9"]
[EventCountry "ESP"]
[Source "lmi"]
[SourceDate "2007.05.06"]

1. e4 e6 2. d4 d5 3. Nd2 Be7 4. exd5 exd5 5. Bd3 Nf6 6. Ne2 Nc6 7. c3 O-O 8.
O-O Bd6 9. Ng3 Re8 10. Re1 Bg4 11. f3 Bd7 12. Nf5 Bxf5 13. Bxf5 Rxe1+ 14. Qxe1
Ne7 15. Bc2 Qd7 16. Nf1 Re8 17. Bg5 Ng6 18. Qd2 Nh5 19. Re1 f6 20. Rxe8+ Qxe8
21. Be3 Nhf4 22. Ng3 Qb5 1/2-1/2